000 00302nam a2200133Ia 4500
005 20251222140040.0
008 251222s1900||||xx |||||||||||||| ||spa||
020 _a8425423546
082 _a184/R31
100 _aReale, Giovanni
245 0 _aEros, demonio mediador:
264 _bHerder
942 _cLIB
999 _c3273
_d3273